| 000 | 01279nam a22002777a 4500 | ||
|---|---|---|---|
| 999 |
_c64600 _d64600 |
||
| 005 | 20240530110740.0 | ||
| 008 | 180920s2016 ua h f b 000 0 ara d | ||
| 017 |
_a2016/4504 _bمصر. دار الكتب |
||
| 020 | _a9789774523521 | ||
| 040 |
_aEG-CaGPL _cEG-CaGPL |
||
| 082 | 0 | 4 |
_221 _a355.821/ _bق/م م |
| 100 | 0 | _aالمصطفى محمد الخراط | |
| 245 | 1 | 2 |
_aالمدفعية المصرية : _bالابتكار والتطور من العصر المملوكى الى عصر محمد على / _cاعداد المصطفى محمد الخراط ؛ تقديم اسماعيل سراج الدين |
| 260 |
_aالاسكندرية : _bمكتبة الاسكندرية، _c2016. |
||
| 300 |
_a325 ص. : _bصور ؛ _c30 سم. |
||
| 504 | _aيشتمل على ارجاعات ببليوجرافية و فهرس | ||
| 650 | 0 | 7 |
_2qrmak _aالمدفعية |
| 650 | 0 | 7 |
_2qrmak _aالدفاع العسكرى |
| 650 | 0 | 7 |
_2qrmak _aالمدفعية _zمصر |
| 650 | 0 | 7 |
_2qrmak _aالمدفعية _xتاريخ _zمصر _yالعصر المماليك |
| 650 | 0 | 7 |
_2qrmak _aالمدفعية _xتاريخ _zمصر _yعصر محمد على |
| 651 | _2qrmak | ||
| 700 | 0 |
_aاسماعيل سراج الدين _eمقدم |
|
| 942 |
_2ddc _cBK |
||